00308 a2200085 4500082001600000245011300016260005600129300002600185650001100211 a363.125 FTA aRecommended Best Practices for States Conducting Three Year safety Reviews /cFederal Transit Administration aWashington :bFederal Transit Administration,c2009 a54p. :bill. ;c30 cm aSafety